000 00266nam a2200109Ia 4500
008 220204s9999 xx 000 0 und d
082 _a82-34(515)
_bFOL
100 _aOConnor, W F
245 0 _aFolk tales of Tibet
260 _aNew Delhi
_bSterling
_c1979
942 _cBK
999 _c32478
_d32478